| 000 | 01386nam a2200337Ia 4500 | ||
|---|---|---|---|
| 001 | ebr10451059 | ||
| 003 | CaPaEBR | ||
| 006 | m u | ||
| 007 | cr cn||||||||| | ||
| 008 | 800325s1985 gw sb 000 0 eng d | ||
| 020 | _z9789027209627 | ||
| 020 | _z9789027286727 (ebook) | ||
| 040 |
_aCaPaEBR _cCaPaEBR |
||
| 035 | _a(OCoLC)805933046 | ||
| 050 | 1 | 4 |
_aPE3451 _b.L33 1985eb |
| 100 | 1 |
_aLanham, L. W. _q(Len W.), _d1921- |
|
| 245 | 1 | 4 |
_aThe standard in South African English and its social history _h[electronic resource] / _cby L. W. Lanham and C. A. Macdonald. |
| 250 | _a2nd ed. | ||
| 260 |
_aHeidelberg : _bGroos, _cc1985. |
||
| 300 | _a96 p. | ||
| 490 | 1 |
_aVarieties of English around the world. General series, _x0172-7362 ; _vv. 1 |
|
| 504 | _aIncludes bibliographical references. | ||
| 533 |
_aElectronic reproduction. _bPalo Alto, Calif. : _cebrary, _d2011. _nAvailable via World Wide Web. _nAccess may be limited to ebrary affiliated libraries. |
||
| 650 | 0 |
_aEnglish language _zSouth Africa. |
|
| 650 | 0 |
_aStandard language _zSouth Africa. |
|
| 655 | 7 |
_aElectronic books. _2local |
|
| 700 | 1 | _aMacDonald, C. A. | |
| 710 | 2 | _aebrary, Inc. | |
| 830 | 0 |
_aVarieties of English around the world. _pGeneral series ; _vv. 1. |
|
| 856 | 4 | 0 |
_uhttp://site.ebrary.com/lib/rucke/Doc?id=10451059 _zAn electronic book accessible through the World Wide Web; click to view |
| 999 |
_c249060 _d249060 |
||